000 00659nam a2200277Ia 4500
005 20260121124643.0
008 008 260114s9999 xx 000 0 eng d
020 _a9781529232868
037 _aEBOOK
040 _aCRL
040 _beng
040 _cCRL
041 _2eng
041 _aeng
084 _qCRL
100 _aBlack, Lindsay
_9979678
245 0 _aDisciplining Democracies
260 _bWalter de Gruyter
260 _bWalter de Gruyter
260 _c2023
650 _aPolitical Science
_9979679
856 _uhttp://www.degruyter.com/isbn/9781529232868
942 _cEBOOK
999 _c1556204
_d1556204